[Event "Paris-ch op"]
[Site "Paris"]
[Date "1999.07.19"]
[Round "3"]
[White "Kogan, Artur"]
[Black "Vigneron, Antoine"]
[Result "1-0"]
[WhiteElo "2518"]
[BlackElo "2088"]
[PlyCount "31"]
[EventDate "1999.07.17"]
[EventType "swiss"]
[EventRounds "9"]
[EventCountry "FRA"]
[SourceTitle "EXT 2000"]
[Source "ChessBase"]
[SourceDate "1999.11.16"]
[SourceVersion "1"]
[SourceVersionDate "1999.11.16"]
[SourceQuality "1"]

1. e4 e6 2. Nf3 d5 3. e5 c5 4. b4 cxb4 5. d4 Nc6 6. c3 f6 7. Bd3 f5 8. g4 fxg4 9. Ng5 Nxd4 10. Qxg4 Nf5 11. Nxh7 Qe7 12. Bb5+ Kf7 13. Ng5+ Kg6 14. Nxe6+ Kh7 15. Qxf5+ g6 16. Nxf8+ 1-0